000 00517nam a22001577a 4500
082 _a612.39
_bABA
100 _aAbali, Amine Ercikan
_9113548
245 _aLippincott Illustrated Reviews :
_bBiochemistry /
_cAmine Ercikan Abali; Susan D. Cline; David S. Franklin; Susan M. Viselli
250 _a8th Edition.
260 _aPhiladelphia :
_bWolters Kluwer,
_c2022.
300 _a625 p. ;
_bill,
_c28 cm.
563 _aPBK.
650 _aBiochemistry
_92455
650 _aClinical biochemistry
_93417
942 _2ddc
_cBK
999 _c595228
_d595228